Statistics for US State Picture Puzzle Game #4

Click here to take the quiz!

General Stats

  • This quiz has been taken 238 times
  • The average score is 10 of 17

Answer Stats

Hint Answer % Correct
American president during WWII (1941)Franklin Roosevelt
83%
New York's biggest islandLong Island
80%
US territory: American S____Samoa
77%
Island in which Honolulu is situated onOahu
75%
Phoenix is in this US time zoneMountain
65%
South Dakota's capital cityPierre
63%
HIDDEN STATEALABAMA
62%
Liberty Bell is to US as Colosseum is to...Italy
57%
New Jersey's largest cityNewark
57%
Most common presendential first nameJames
54%
Major peninsula in MassachusettsCape Cod
53%
Former US capitals in MarylandBaltimore
51%
US state with the highest population densityNew Jersey
51%
Former US capitals in MarylandAnnapolis
47%
Third most common language in MichiganArabic
27%
Closest country to HawaiiKiribati
27%
First Democratic presidentAndrew Jackson
26%

Score Distribution

Percentile by Number Answered

Percent of People with Each Score

Your Score History

You have not taken this quiz